|
|
|
|
| LEADER |
00952nam a22002652a 4500 |
| 001 |
000289318 |
| 003 |
CZ BrMZK |
| 005 |
20091224195426.0 |
| 007 |
ta |
| 008 |
980107s1964 xr f cze d |
| 015 |
|
|
|a cnb000477274
|
| 035 |
|
|
|a (OCoLC)42115940
|
| 040 |
|
|
|a BOA001
|b cze
|
| 100 |
1 |
|
|a Radok, Alfréd,
|d 1914-1976
|7 jk01101921
|4 aut
|
| 245 |
1 |
0 |
|a Podivné příhody pana Pimpipána :
|b veselá pohádka se zpěvy /
|c Alfréd Radok, Marie Tesařová
|
| 250 |
|
|
|a 1. vyd.
|
| 260 |
|
|
|a Praha :
|b Orbis,
|c 1964
|
| 300 |
|
|
|a 59 s.
|
| 490 |
1 |
|
|a Hry pro mládež
|
| 700 |
1 |
|
|a Radoková-Tesařová, Marie,
|d 1922-2003
|7 xx0010988
|4 aut
|
| 830 |
|
0 |
|a Hry pro mládež (Orbis)
|0 s
|
| 910 |
|
|
|a BOA001
|b PK-A-0009.045
|b 1-0513.197
|
| 990 |
|
|
|a BK
|
| 996 |
6 |
|
|b 2619450087
|c 1-0513.197
|l MZK
|r Sklad / do 1 hodiny
|n 0
|w 000289318
|u 000020
|a 1
|e BOA001
|j MZK50
|s P
|
| 996 |
7 |
|
|b 3119921071
|c PK-A-0009.045
|l MZK
|r Sklad / do 1 hodiny
|n 3
|w 000289318
|u 000010
|a 1
|e BOA001
|j MZK50
|s A
|